[Event "Xtracon GM"]
[Site "Borup"]
[Date "2009.09.12"]
[Round "7"]
[White "Hvenekilde, Jorgen"]
[Black "Marshall, Michael"]
[Result "1/2-1/2"]
[WhiteElo "2163"]
[BlackElo "1904"]
[PlyCount "37"]
[EventDate "2009.09.04"]
[EventType "swiss"]
[EventRounds "9"]
[EventCountry "DEN"]
[Source "ChessBase"]
[SourceDate "2009.11.03"]

1. d4 Nf6 2. c4 e6 3. Nc3 Bb4 4. e3 b6 5. Nge2 Bb7 6. a3 Bxc3+ 7. Nxc3 d5 8.
Be2 O-O 9. O-O Nbd7 10. b4 a5 11. bxa5 Rxa5 12. Bd2 Ra8 13. cxd5 exd5 14. Qb3
Re8 15. a4 c6 16. a5 Ba6 17. axb6 Bxe2 18. Nxe2 Qxb6 19. Qc2 1/2-1/2

[Event "Xtracon GM"]
[Site "Borup"]
[Date "2009.09.12"]
[Round "7"]
[White "Jacobsen, Bo"]
[Black "Glud, Jakob Vang"]
[Result "0-1"]
[WhiteElo "2321"]
[BlackElo "2476"]
[PlyCount "54"]
[EventDate "2009.09.04"]
[EventType "swiss"]
[EventRounds "9"]
[EventCountry "DEN"]
[Source "ChessBase"]
[SourceDate "2009.11.03"]

1. c4 b6 2. Nf3 Bb7 3. e3 e6 4. g3 Nf6 5. Bg2 d5 6. b3 Nbd7 7. O-O Be7 8. Qe2
O-O 9. Bb2 dxc4 10. bxc4 Nc5 11. d4 Na4 12. Bc1 c5 13. Qc2 Qe8 14. Ba3 Rc8 15.
Nbd2 Rc7 16. Qb3 Ne4 17. Rfd1 Nac3 18. Nxe4 Nxe4 19. Bb2 cxd4 20. exd4 Qa8 21.
h4 Nd6 22. Ba3 Nxc4 23. Bxe7 Rxe7 24. Qxc4 Bxf3 25. Bxf3 Qxf3 26. d5 exd5 27.
Qxd5 Re1+ 0-1

[Event "Xtracon GM"]
[Site "Borup"]
[Date "2009.09.12"]
[Round "7"]
[White "Knudsen, Jes West"]
[Black "Jakobsen, Ole"]
[Result "0-1"]
[WhiteElo "1997"]
[BlackElo "2344"]
[PlyCount "84"]
[EventDate "2009.09.04"]
[EventType "swiss"]
[EventRounds "9"]
[EventCountry "DEN"]
[Source "ChessBase"]
[SourceDate "2009.11.03"]

1. e4 g6 2. Nf3 Bg7 3. Bc4 e6 4. O-O Ne7 5. Bb3 d6 6. d4 Nd7 7. Ng5 h6 8. Nh3
d5 9. e5 c5 10. c3 Qb6 11. Na3 a6 12. g4 h5 13. Be3 c4 14. Bxc4 hxg4 15. Ng5
Qxb2 16. Qa4 Qb6 17. Be2 Qc6 18. Qxc6 Nxc6 19. c4 Bf8 20. cxd5 exd5 21. Nc2 Nb6
22. a4 Na5 23. f3 gxf3 24. Bxf3 Bf5 25. Ra2 Rc8 26. Bd1 Be7 27. Bf4 Rh4 28. Ne3
Rxf4 29. Nxf5 Rxf5 30. h4 Rxf1+ 31. Kxf1 Bxg5 32. hxg5 Rc4 33. e6 Rxd4 34.
exf7+ Kxf7 35. Rf2+ Kg7 36. Bc2 Rc4 37. Bd3 Rc6 38. Re2 Kf7 39. Rf2+ Ke7 40.
Rh2 Nxa4 41. Rh7+ Kf8 42. Rd7 Nb6 0-1

[Event "Xtracon GM"]
[Site "Borup"]
[Date "2009.09.12"]
[Round "7"]
[White "Larsen, Karsten"]
[Black "Akdag, Dara Sevkan"]
[Result "1-0"]
[WhiteElo "2327"]
[BlackElo "2188"]
[PlyCount "61"]
[EventDate "2009.09.04"]
[EventType "swiss"]
[EventRounds "9"]
[EventCountry "DEN"]
[Source "ChessBase"]
[SourceDate "2009.11.03"]

1. g3 Nf6 2. Bg2 d5 3. Nf3 c6 4. b3 Bg4 5. Bb2 Nbd7 6. O-O e6 7. d4 Be7 8. c4
O-O 9. Nc3 Re8 10. Rc1 Bd6 11. Re1 Qe7 12. e4 dxe4 13. Nxe4 Nxe4 14. Rxe4 Nf6
15. Re3 Ba3 16. Qe2 Rad8 17. Rd1 Bxb2 18. Qxb2 Qc7 19. Rd2 Bxf3 20. Bxf3 Re7
21. Qc3 Red7 22. Red3 Qd6 23. Kg2 c5 24. dxc5 Qxd3 25. Rxd3 Rxd3 26. Qb4 R3d7
27. Bxb7 Ng4 28. c6 Rd2 29. Qxd2 Rxd2 30. c7 Rxf2+ 31. Kg1 1-0

[Event "Xtracon GM"]
[Site "Borup"]
[Date "2009.09.12"]
[Round "7"]
[White "Petersen, Nils"]
[Black "Eriksson, Christian Altenburg"]
[Result "1/2-1/2"]
[WhiteElo "2034"]
[BlackElo "2159"]
[PlyCount "74"]
[EventDate "2009.09.04"]
[EventType "swiss"]
[EventRounds "9"]
[EventCountry "DEN"]
[Source "ChessBase"]
[SourceDate "2009.11.03"]

1. c4 c5 2. Nc3 g6 3. Nf3 Bg7 4. e3 Nf6 5. Be2 O-O 6. O-O Nc6 7. d4 cxd4 8.
exd4 d5 9. c5 Ne4 10. Be3 e5 11. dxe5 Nxc3 12. bxc3 Nxe5 13. Nxe5 Bxe5 14. Bd4
Qc7 15. Bxe5 Qxe5 16. Bf3 Be6 17. Qd4 Qc7 18. Bxd5 Bxd5 19. Qxd5 Rfd8 20. Qf3
Qxc5 21. Qxb7 Qxc3 22. Rac1 Qa3 23. Rc2 Rab8 24. Qc7 Re8 25. h3 Qa6 26. Rfc1
Rb7 27. Qf4 Rbe7 28. Kh2 Re4 29. Qg3 h5 30. f4 Qf6 31. Rf1 Qf5 32. Rc3 Re2 33.
Ra3 a5 34. Qc3 Qe4 35. Qf3 Qf5 36. Qc3 Qe4 37. Qf3 Qf5 1/2-1/2

[Event "Xtracon GM"]
[Site "Borup"]
[Date "2009.09.12"]
[Round "7"]
[White "Petrovski, Petruli"]
[Black "Krogh, Peter Ove"]
[Result "0-1"]
[WhiteElo "1843"]
[BlackElo "1945"]
[PlyCount "88"]
[EventDate "2009.09.04"]
[EventType "swiss"]
[EventRounds "9"]
[EventCountry "DEN"]
[Source "ChessBase"]
[SourceDate "2009.11.03"]

1. e4 c5 2. Nf3 a6 3. d4 cxd4 4. Nxd4 Nf6 5. Nc3 e5 6. Nf3 Bb4 7. Bd3 d5 8. Bg5
Bxc3+ 9. bxc3 dxe4 10. Bxf6 Qxf6 11. Bxe4 O-O 12. O-O Re8 13. Re1 g6 14. a4 Nd7
15. Qd5 Rb8 16. a5 b5 17. Rad1 Bb7 18. Qd6 Bxe4 19. Rxe4 Rbd8 20. Qxf6 Nxf6 21.
Rxd8 Rxd8 22. Re1 Rc8 23. Nxe5 Rxc3 24. Rc1 Nd5 25. Kf1 b4 26. Rd1 Rc5 27. Rd2
Rxa5 28. Nd3 Rb5 29. g3 a5 30. Nb2 Nc3 31. Rd8+ Kg7 32. Ra8 b3 33. cxb3 Rxb3
34. Nc4 a4 35. Ra7 Rb1+ 36. Kg2 Re1 37. Nd6 Kf6 38. g4 Re7 39. g5+ Ke6 40. Ra6
Kd5 41. Nc8 Re6 42. Ra7 Kc4 43. Rxf7 a3 44. Rf6 a2 0-1

[Event "Xtracon GM"]
[Site "Borup"]
[Date "2009.09.12"]
[Round "7"]
[White "Preuss, Flemming"]
[Black "Andersen, Daniel"]
[Result "1-0"]
[WhiteElo "2063"]
[BlackElo "1953"]
[PlyCount "59"]
[EventDate "2009.09.04"]
[EventType "swiss"]
[EventRounds "9"]
[EventCountry "DEN"]
[Source "ChessBase"]
[SourceDate "2009.11.03"]

1. e4 e6 2. d4 d5 3. e5 c5 4. c3 Nc6 5. Nf3 Qb6 6. Bd3 Bd7 7. O-O cxd4 8. cxd4
Nxd4 9. Nbd2 Nxf3+ 10. Nxf3 Ne7 11. Qe2 Nc6 12. b4 Bxb4 13. Rb1 Qc7 14. Bf4 Be7
15. Rfc1 O-O 16. h4 Rfc8 17. h5 h6 18. Qd2 Bf8 19. g4 Rab8 20. g5 hxg5 21. Nxg5
Qa5 22. Bh7+ Kh8 23. Nxf7+ Kxh7 24. Qd3+ Kg8 25. Ng5 Ba3 26. Qh7+ Kf8 27. h6
Ne7 28. hxg7+ Ke8 29. Qh5+ Kd8 30. Nf7+ 1-0

[Event "Xtracon GM"]
[Site "Borup"]
[Date "2009.09.12"]
[Round "7"]
[White "Rendboe, John Filip"]
[Black "Bromann, Thorbjorn"]
[Result "0-1"]
[WhiteElo "2246"]
[BlackElo "2432"]
[PlyCount "80"]
[EventDate "2009.09.04"]
[EventType "swiss"]
[EventRounds "9"]
[EventCountry "DEN"]
[Source "ChessBase"]
[SourceDate "2009.11.03"]

1. d4 g6 2. c4 Bg7 3. Nc3 d6 4. e4 e5 5. Be3 exd4 6. Bxd4 Nf6 7. Qd2 Nc6 8. Be3
Ng4 9. Bg5 f6 10. Bf4 g5 11. Bg3 f5 12. exf5 Bxf5 13. Bd3 Qe7+ 14. Nge2 Bxd3
15. Qxd3 Bxc3+ 16. bxc3 O-O-O 17. O-O h5 18. h3 Nge5 19. Qe4 Qh7 20. Qe3 Qd3
21. Qxd3 Nxd3 22. Rad1 Nc5 23. Rd5 Rdg8 24. f4 gxf4 25. Rxf4 Re8 26. Kf1 Ne7
27. Rg5 Ne6 28. Ra5 Nxf4 29. Nxf4 h4 30. Bf2 Nc6 31. Rg5 Re4 32. Rf5 Rxc4 33.
Nd5 Ne5 34. Bxa7 Ra4 35. Bb6 c6 36. Nb4 Nd7 37. Bf2 Rf8 38. Rxf8+ Nxf8 39. Kg1
Ng6 40. g4 c5 0-1

[Event "Xtracon GM"]
[Site "Borup"]
[Date "2009.09.12"]
[Round "7"]
[White "Shoker, Samy"]
[Black "Kulaots, Kaido"]
[Result "1/2-1/2"]
[WhiteElo "2488"]
[BlackElo "2575"]
[PlyCount "26"]
[EventDate "2009.09.04"]
[EventType "swiss"]
[EventRounds "9"]
[EventCountry "DEN"]
[Source "ChessBase"]
[SourceDate "2009.11.03"]

1. g3 d5 2. Bg2 Nf6 3. d3 c6 4. Nf3 Bf5 5. O-O h6 6. Nbd2 e6 7. Qe1 Be7 8. e4
Bh7 9. Ne5 a5 10. f4 a4 11. a3 dxe4 12. Nxe4 O-O 13. Kh1 Nbd7 1/2-1/2

[Event "Xtracon GM"]
[Site "Borup"]
[Date "2009.09.12"]
[Round "7"]
[White "Skytte, Rasmus"]
[Black "Skovgaard, Peter Nicolai"]
[Result "1/2-1/2"]
[WhiteElo "2399"]
[BlackElo "2256"]
[PlyCount "102"]
[EventDate "2009.09.04"]
[EventType "swiss"]
[EventRounds "9"]
[EventCountry "DEN"]
[Source "ChessBase"]
[SourceDate "2009.11.03"]

1. Nf3 Nf6 2. c4 e6 3. Nc3 d5 4. d4 c6 5. cxd5 exd5 6. Bg5 Be7 7. Qc2 h6 8. Bh4
g6 9. e3 Bf5 10. Bd3 Bxd3 11. Qxd3 Nbd7 12. O-O O-O 13. Bg3 Nh5 14. Be5 f5 15.
Ne2 Qe8 16. Nf4 Nxf4 17. exf4 Rc8 18. Rfe1 Qf7 19. Rac1 g5 20. Qb3 b5 21. Qe3
g4 22. Nd2 Bb4 23. a3 Bxd2 24. Qxd2 Rfe8 25. Qd3 Nf8 26. f3 gxf3 27. Qxf3 Re6
28. Re3 Kh7 29. Qh3 Rg6 30. Rg3 Rxg3 31. Qxg3 Nd7 32. Qh4 Qe6 33. Qe1 c5 34.
dxc5 Rxc5 35. Rxc5 Nxc5 36. Qe3 Qe7 37. b4 Ne4 38. Qc1 Qb7 39. Bd4 a6 40. h3
Qd7 41. Qe3 Qc6 42. Bb2 Kg6 43. Kh2 Qc7 44. Be5 Qb7 45. Qd4 Kh7 46. Qe3 Kg6 47.
Qg1 Kh7 48. Qe1 Qd7 49. Qe3 Qb7 50. Bb2 Qc7 51. Be5 Qb7 1/2-1/2

[Event "Xtracon GM"]
[Site "Borup"]
[Date "2009.09.12"]
[Round "7"]
[White "Smith, Axel"]
[Black "Bejtovic, Jasmin"]
[Result "1/2-1/2"]
[WhiteElo "2415"]
[BlackElo "2332"]
[PlyCount "101"]
[EventDate "2009.09.04"]
[EventType "swiss"]
[EventRounds "9"]
[EventCountry "DEN"]
[Source "ChessBase"]
[SourceDate "2009.11.03"]

1. e4 c5 2. Nf3 Nc6 3. c3 d5 4. exd5 Qxd5 5. d4 Bg4 6. Be2 cxd4 7. cxd4 e6 8.
Nc3 Qa5 9. d5 exd5 10. O-O Nf6 11. Nd4 Nxd4 12. Bxg4 Nc6 13. Bg5 Be7 14. Bxf6
Bxf6 15. Nxd5 Be5 16. Nf6+ Bxf6 17. Qd7+ Kf8 18. Qxb7 Rb8 19. Qxc6 Qb6 20. Qxb6
axb6 21. Rab1 Rd8 22. b4 g6 23. a4 Ra8 24. Bd7 Kg7 25. Rfd1 Rhd8 26. Kf1 Ra7
27. Bc6 Rxd1+ 28. Rxd1 Bc3 29. Rb1 Rc7 30. Bd5 Rd7 31. Rb3 Bd2 32. Bc4 Re7 33.
f3 Re1+ 34. Kf2 Ra1 35. Ke2 Bf4 36. g3 Ra2+ 37. Kd3 Bd6 38. Bb5 Rxh2 39. f4 h5
40. a5 bxa5 41. bxa5 h4 42. gxh4 Rh3+ 43. Kc2 Rxb3 44. Kxb3 Bxf4 45. a6 Be3 46.
Kc2 Kh6 47. Kd3 Ba7 48. Ke4 Kh5 49. Kf3 Kxh4 50. Be8 g5 51. Bxf7 1/2-1/2

[Event "Xtracon GM"]
[Site "Borup"]
[Date "2009.09.12"]
[Round "7"]
[White "Sorensen, Dick"]
[Black "Johansson, Anders"]
[Result "1/2-1/2"]
[WhiteElo "2006"]
[BlackElo "2047"]
[PlyCount "103"]
[EventDate "2009.09.04"]
[EventType "swiss"]
[EventRounds "9"]
[EventCountry "DEN"]
[Source "ChessBase"]
[SourceDate "2009.11.03"]

1. e4 c5 2. Nf3 d6 3. d4 Nf6 4. Nc3 cxd4 5. Nxd4 Nc6 6. Nb3 g6 7. Be2 Bg7 8.
O-O O-O 9. Be3 Be6 10. f4 Rc8 11. Bf3 Nd7 12. Rf2 b6 13. Nd4 Nxd4 14. Bxd4 Qc7
15. Bxg7 Kxg7 16. Qd4+ f6 17. Re1 Qc4 18. Qd2 Rc7 19. a3 Qc5 20. Re3 Qa5 21. h3
b5 22. Kh2 a6 23. b4 Qb6 24. Nd5 Bxd5 25. exd5 Re8 26. Rfe2 Kf7 27. Qe1 Nf8 28.
Rd3 Qa7 29. Qh4 Rec8 30. Rdd2 Rc3 31. Qh6 Rxa3 32. f5 Ra1 33. fxg6+ hxg6 34.
Rf2 Re1 35. Bg4 Rc3 36. Be6+ Nxe6 37. dxe6+ Kxe6 38. Qxg6 Kd7 39. Qg4+ Kc7 40.
Rde2 Re3 41. c4 f5 42. Qh5 f4 43. Rxe1 Rxe1 44. c5 dxc5 45. Re2 Rxe2 46. Qxe2
cxb4 47. Qxe7+ Kb6 48. Qf6+ Ka5 49. Qa1+ Kb6 50. Qd4+ Kb7 51. Qd5+ Kb6 52. Qd4+
1/2-1/2

[Event "Xtracon GM"]
[Site "Borup"]
[Date "2009.09.12"]
[Round "8"]
[White "Andersen, Daniel"]
[Black "Jensen, Jan Kargaard"]
[Result "1-0"]
[WhiteElo "1953"]
[BlackElo "1762"]
[PlyCount "143"]
[EventDate "2009.09.04"]
[EventType "swiss"]
[EventRounds "9"]
[EventCountry "DEN"]
[Source "ChessBase"]
[SourceDate "2009.11.03"]

1. c4 e5 2. Nc3 Nf6 3. Nf3 Nc6 4. e4 d6 5. d4 exd4 6. Nxd4 Be7 7. g3 O-O 8. Bg2
Bd7 9. O-O Re8 10. Nd5 Nxd5 11. cxd5 Nxd4 12. Qxd4 Bf6 13. Qd3 Qc8 14. Re1 g6
15. Rb1 Bg7 16. Be3 a6 17. Bd4 Qd8 18. Rbc1 Rc8 19. Rc2 c5 20. dxc6 Bxc6 21.
Bxg7 Kxg7 22. Rd1 Qf6 23. Qxd6 Rcd8 24. Qxf6+ Kxf6 25. Rxd8 Rxd8 26. f4 Ke7 27.
Bf3 f5 28. Re2 Kf7 29. Kf2 fxe4 30. Bxe4 Bxe4 31. Rxe4 Rd2+ 32. Re2 Rd6 33. Ke3
Kf6 34. Rd2 Re6+ 35. Kf3 h6 36. g4 Rb6 37. h4 Rc6 38. g5+ hxg5 39. hxg5+ Ke7
40. b3 b5 41. Kg4 Rc1 42. Re2+ Kf7 43. Kf3 Rc6 44. Ke4 Re6+ 45. Kd3 Rc6 46. Kd4
Rc1 47. Ke5 Rc6 48. Rd2 Ke7 49. Rh2 Re6+ 50. Kd5 Rd6+ 51. Kc5 Ke6 52. Re2+ Kd7
53. Re5 Rc6+ 54. Kd5 Rc2 55. a4 bxa4 56. bxa4 Ra2 57. Re4 Rb2 58. Ke5 Ke7 59.
Rc4 Rb6 60. f5 gxf5 61. Kxf5 Kf7 62. Rc7+ Kg8 63. Ra7 Rc6 64. g6 Rc5+ 65. Kf6
Rc6+ 66. Kg5 Rc2 67. Rxa6 Rg2+ 68. Kf6 Rf2+ 69. Ke7 Rd2 70. a5 Ra2 71. Kd7 Kg7
72. Kc7 1-0

[Event "Xtracon GM"]
[Site "Borup"]
[Date "2009.09.12"]
[Round "8"]
[White "Andersen, Rune Egede"]
[Black "De Verdier, Michael"]
[Result "1/2-1/2"]
[WhiteElo "2026"]
[BlackElo "2276"]
[PlyCount "54"]
[EventDate "2009.09.04"]
[EventType "swiss"]
[EventRounds "9"]
[EventCountry "DEN"]
[Source "ChessBase"]
[SourceDate "2009.11.03"]

1. e4 c5 2. c3 d6 3. d4 Nf6 4. Bd3 g6 5. Nf3 Bg7 6. O-O O-O 7. dxc5 dxc5 8. Qe2
Nc6 9. Rd1 Qc7 10. Na3 a6 11. e5 Ng4 12. Bf4 Ngxe5 13. Be4 Nxf3+ 14. Qxf3 e5
15. Be3 Ne7 16. b4 cxb4 17. cxb4 Nf5 18. Rac1 Qb8 19. Bc5 Nd4 20. Rxd4 exd4 21.
Nc4 Be6 22. Nb6 Qc7 23. Nxa8 Rxa8 24. Bxb7 Rb8 25. Bxa6 Rxb4 26. Qa3 Bh6 27.
Qxb4 Bxc1 1/2-1/2

[Event "Xtracon GM"]
[Site "Borup"]
[Date "2009.09.12"]
[Round "8"]
[White "Bejtovic, Jasmin"]
[Black "Larsen, Karsten"]
[Result "1-0"]
[WhiteElo "2332"]
[BlackElo "2327"]
[PlyCount "77"]
[EventDate "2009.09.04"]
[EventType "swiss"]
[EventRounds "9"]
[EventCountry "DEN"]
[Source "ChessBase"]
[SourceDate "2009.11.03"]

1. e4 g6 2. d4 c6 3. Nc3 d5 4. Nf3 Bg7 5. h3 Nh6 6. Bf4 f6 7. Bd3 Nf7 8. O-O
O-O 9. Qd2 e5 10. dxe5 fxe5 11. Bg3 d4 12. Ne2 Be6 13. c3 c5 14. cxd4 cxd4 15.
Ne1 g5 16. Qb4 Nc6 17. Qxb7 Qd6 18. Rc1 Nb4 19. a3 Rfb8 20. Qc7 Qxc7 21. Rxc7
Na2 22. Re7 Bb3 23. Nf3 Bf6 24. Rxf7 Bxf7 25. Nxe5 Bxe5 26. Bxe5 Rxb2 27. Nxd4
Rd2 28. Ba6 h6 29. f4 Nc3 30. Nf3 Rc2 31. fxg5 hxg5 32. Nxg5 Ba2 33. Rf6 Ne2+
34. Kh2 Rd8 35. Rg6+ Kf8 36. Bg7+ Ke7 37. Bf6+ Ke8 38. Bb5+ Rd7 39. Rg7 1-0

[Event "Xtracon GM"]
[Site "Borup"]
[Date "2009.09.12"]
[Round "8"]
[White "Bromann, Thorbjorn"]
[Black "Miezis, Normunds"]
[Result "1-0"]
[WhiteElo "2432"]
[BlackElo "2558"]
[PlyCount "109"]
[EventDate "2009.09.04"]
[EventType "swiss"]
[EventRounds "9"]
[EventCountry "DEN"]
[Source "ChessBase"]
[SourceDate "2009.11.03"]

1. d4 Nf6 2. Nc3 d5 3. Bg5 c6 4. Qd2 Nbd7 5. f3 e5 6. dxe5 Nxe5 7. e4 dxe4 8.
Qxd8+ Kxd8 9. Nxe4 Be7 10. Nxf6 gxf6 11. Bh4 Kc7 12. Ne2 Rd8 13. Nf4 Bf5 14. c3
Re8 15. Be2 Bd6 16. Bg3 Rad8 17. O-O-O a5 18. Rhe1 b5 19. Nh5 Bc5 20. Rxd8 Rxd8
21. Bxb5 Kb6 22. Bf1 Bd3 23. Bxe5 fxe5 24. Bxd3 Rxd3 25. Kc2 Rd8 26. Rxe5 Bd6
27. Rf5 Re8 28. Kd1 Rd8 29. Ke2 Bxh2 30. Rxf7 Re8+ 31. Kf2 Bd6 32. Rxh7 Bc5+
33. Kf1 Rd8 34. Ke2 Re8+ 35. Kd1 Rd8+ 36. Kc2 Be3 37. Re7 Rd2+ 38. Kb3 Bc5 39.
Re4 Rxg2 40. Nf6 Bd6 41. Re6 Bh2 42. a4 Kc7 43. Re7+ Kd6 44. Ra7 Bf4 45. Ne4+
Ke6 46. Rxa5 Bc1 47. Nc5+ Kd6 48. Nd3 Be3 49. Re5 Bh6 50. Re4 Rg3 51. Rg4 Rxf3
52. Rg6+ Kc7 53. Rxc6+ Kxc6 54. Ne5+ Kd5 55. Nxf3 1-0

[Event "Xtracon GM"]
[Site "Borup"]
[Date "2009.09.12"]
[Round "8"]
[White "Christensen, Casper"]
[Black "Krogh, Peter Ove"]
[Result "1/2-1/2"]
[WhiteElo "1842"]
[BlackElo "1945"]
[PlyCount "65"]
[EventDate "2009.09.04"]
[EventType "swiss"]
[EventRounds "9"]
[EventCountry "DEN"]
[Source "ChessBase"]
[SourceDate "2009.11.03"]

1. e4 c5 2. Nf3 a6 3. c3 d5 4. exd5 Qxd5 5. d4 e6 6. Be3 Nd7 7. Nbd2 cxd4 8.
Bxd4 Ngf6 9. Bc4 Qh5 10. O-O b5 11. Be2 Qd5 12. c4 bxc4 13. Bxc4 Qb7 14. Re1
Be7 15. Qc2 O-O 16. Ng5 h6 17. Nge4 Nd5 18. a3 N7b6 19. Nc5 Qc6 20. Bd3 Bb7 21.
Nxb7 Qxb7 22. Be4 Rac8 23. Qb3 Bc5 24. Bxc5 Rxc5 25. Qh3 Qc7 26. Nb3 Rb5 27.
Rac1 Qf4 28. Rc5 Nf6 29. Rxb5 Nxe4 30. Qe3 Qxe3 31. Rxe3 axb5 32. Rxe4 Na4 33.
Re2 1/2-1/2

[Event "Xtracon GM"]
[Site "Borup"]
[Date "2009.09.12"]
[Round "8"]
[White "Eriksson, Christian Altenburg"]
[Black "Skovle, Lars"]
[Result "1-0"]
[WhiteElo "2159"]
[BlackElo "1661"]
[PlyCount "67"]
[EventDate "2009.09.04"]
[EventType "swiss"]
[EventRounds "9"]
[EventCountry "DEN"]
[Source "ChessBase"]
[SourceDate "2009.11.03"]

1. e4 Nf6 2. e5 Nd5 3. d4 d6 4. Nf3 g6 5. Bc4 c6 6. O-O Bg7 7. Re1 O-O 8. Qe2
Bg4 9. Nbd2 e6 10. h3 Bxf3 11. Nxf3 dxe5 12. dxe5 Nd7 13. Bb3 a5 14. c4 Nb4 15.
a3 Nc5 16. axb4 Nxb3 17. Bg5 Qc7 18. Ra3 a4 19. Qe3 b5 20. c5 Ra7 21. Rd1 Qc8
22. Rd6 Rd7 23. Nd4 Rxd6 24. cxd6 Nxd4 25. Qxd4 Qd7 26. Be7 Rb8 27. Rc3 Rb7 28.
Qc5 h5 29. f4 Bf8 30. Bf6 Rc7 31. g4 Rc8 32. gxh5 gxh5 33. Rg3+ Kh7 34. Qc2+
1-0

[Event "Xtracon GM"]
[Site "Borup"]
[Date "2009.09.12"]
[Round "8"]
[White "Holst, Lasse"]
[Black "Sorensen, Dick"]
[Result "1/2-1/2"]
[WhiteElo "1881"]
[BlackElo "2006"]
[PlyCount "68"]
[EventDate "2009.09.04"]
[EventType "swiss"]
[EventRounds "9"]
[EventCountry "DEN"]
[Source "ChessBase"]
[SourceDate "2009.11.03"]

1. d4 Nf6 2. c4 e6 3. Nc3 d5 4. cxd5 exd5 5. Bg5 Be7 6. Qc2 O-O 7. e3 c6 8. Bd3
h6 9. Bh4 Re8 10. Nge2 Ne4 11. Bxe7 Qxe7 12. Nxe4 dxe4 13. Bc4 Nd7 14. O-O Nf6
15. Nf4 g5 16. Ng6 Qd6 17. Ne5 Be6 18. f4 exf3 19. Rxf3 Nd5 20. Raf1 f5 21. g4
Nxe3 22. Rxe3 Qxd4 23. Rfe1 Bxc4 24. Qxf5 Rxe5 25. Qxe5 Qxg4+ 26. Rg3 Qd7 27.
b3 Bf7 28. Qf6 Re8 29. Rxe8+ Qxe8 30. Kf2 Qe4 31. Qxh6 Qc2+ 32. Ke3 Qc1+ 33.
Ke2 Qc2+ 34. Ke3 Qc3+ 1/2-1/2

[Event "Xtracon GM"]
[Site "Borup"]
[Date "2009.09.12"]
[Round "8"]
[White "Ivanov, Mikhail M"]
[Black "Bonnelykke, Ole"]
[Result "1-0"]
[WhiteElo "2459"]
[BlackElo "2118"]
[PlyCount "43"]
[EventDate "2009.09.04"]
[EventType "swiss"]
[EventRounds "9"]
[EventCountry "DEN"]
[Source "ChessBase"]
[SourceDate "2009.11.03"]

1. d4 c5 2. d5 f5 3. Nc3 Qa5 4. g4 fxg4 5. h3 g3 6. fxg3 b5 7. Bg2 Bb7 8. e4 d6
9. Nf3 Na6 10. O-O Nf6 11. e5 dxe5 12. Nxe5 Rd8 13. Rxf6 exf6 14. Qh5+ g6 15.
Nxg6 hxg6 16. Qxh8 Kf7 17. Qh7+ Bg7 18. Bh6 Rg8 19. Ne4 Qc7 20. Ng5+ fxg5 21.
Rf1+ Ke7 22. Bxg5+ 1-0

[Event "Xtracon GM"]
[Site "Borup"]
[Date "2009.09.12"]
[Round "8"]
[White "Jacobsen, Bo"]
[Black "Rendboe, John Filip"]
[Result "0-1"]
[WhiteElo "2321"]
[BlackElo "2246"]
[PlyCount "40"]
[EventDate "2009.09.04"]
[EventType "swiss"]
[EventRounds "9"]
[EventCountry "DEN"]
[Source "ChessBase"]
[SourceDate "2009.11.03"]

1. c4 c5 2. g3 g6 3. Bg2 Bg7 4. Nc3 Nc6 5. a3 Nf6 6. Rb1 a5 7. d3 O-O 8. Nf3 d5
9. cxd5 Nxd5 10. Na4 b6 11. Qb3 Rb8 12. O-O h6 13. Bd2 Be6 14. Qb5 Nc7 15. Qxc6
Bd5 16. Qxb6 Rxb6 17. Nxb6 Bxf3 18. Bxf3 Ne6 19. Bxa5 Nd4 20. Rfd1 Nb3 0-1

[Event "Xtracon GM"]
[Site "Borup"]
[Date "2009.09.12"]
[Round "8"]
[White "Johannsen, Kaj"]
[Black "Hansen, Lars Henrik Bech"]
[Result "1/2-1/2"]
[WhiteElo "1996"]
[BlackElo "2096"]
[PlyCount "66"]
[EventDate "2009.09.04"]
[EventType "swiss"]
[EventRounds "9"]
[EventCountry "DEN"]
[Source "ChessBase"]
[SourceDate "2009.11.03"]

1. e4 d6 2. d4 Nf6 3. Bd3 g6 4. Ne2 Bg7 5. O-O O-O 6. c3 e5 7. Kh1 Nc6 8. f4
Ng4 9. Qe1 exd4 10. h3 dxc3 11. Nbxc3 Nf6 12. Bd2 Bd7 13. Rd1 Qe7 14. Qf2 a6
15. Rde1 Rae8 16. Ng3 Qd8 17. Bb1 Qc8 18. Nce2 h5 19. Nc3 b5 20. a3 Nh7 21.
Nge2 Kh8 22. Qg3 Nd4 23. Nxd4 Bxd4 24. b4 Be6 25. Ne2 Bg7 26. f5 Be5 27. Bc3
Bc4 28. fxg6 fxg6 29. Nf4 Bf7 30. Bxe5+ Rxe5 31. Nxg6+ Bxg6 32. Qxg6 Rg8 33.
Qh6 Rg7 1/2-1/2

[Event "Xtracon GM"]
[Site "Borup"]
[Date "2009.09.12"]
[Round "8"]
[White "Johansson, Anders"]
[Black "Jensen, Soren2"]
[Result "1-0"]
[WhiteElo "2047"]
[BlackElo "1883"]
[PlyCount "91"]
[EventDate "2009.09.04"]
[EventType "swiss"]
[EventRounds "9"]
[EventCountry "DEN"]
[Source "ChessBase"]
[SourceDate "2009.11.03"]

1. Nf3 Nf6 2. c4 e6 3. g3 b6 4. Bg2 Bb7 5. d4 Bb4+ 6. Bd2 Bxd2+ 7. Nbxd2 O-O 8.
O-O d5 9. Ne5 Nc6 10. Nxc6 Bxc6 11. Rc1 Rc8 12. b4 b5 13. cxb5 Bxb5 14. a4 Ba6
15. b5 Bb7 16. Nb3 c6 17. Nc5 Qe7 18. Qd3 cxb5 19. axb5 Ba8 20. Ra1 Rc7 21. Ra4
Nd7 22. Nxd7 Qxd7 23. Rfa1 Rfc8 24. b6 Rc1+ 25. Bf1 Rxa1 26. Rxa1 axb6 27. Qa6
Qb7 28. e3 Qxa6 29. Rxa6 Rb8 30. Bb5 g6 31. g4 g5 32. h4 gxh4 33. Kh2 Kg7 34.
Kh3 Kg6 35. Kxh4 f5 36. Bd3 Bc6 37. Kg3 Kg5 38. f4+ Kf6 39. g5+ Kg6 40. Ra7 b5
41. Kh4 b4 42. Ra6 Bd7 43. Rd6 Bc8 44. Rc6 b3 45. Rc7 b2 46. Be2 1-0

[Event "Xtracon GM"]
[Site "Borup"]
[Date "2009.09.12"]
[Round "8"]
[White "Larsen, Jesper Riis"]
[Black "Gajic, Mladen"]
[Result "0-1"]
[WhiteElo "1998"]
[BlackElo "2263"]
[PlyCount "90"]
[EventDate "2009.09.04"]
[EventType "swiss"]
[EventRounds "9"]
[EventCountry "DEN"]
[Source "ChessBase"]
[SourceDate "2009.11.03"]

1. d4 d5 2. Nf3 Nf6 3. c4 c6 4. Nc3 e6 5. Bg5 h6 6. Bxf6 Qxf6 7. e3 Nd7 8. Bd3
dxc4 9. Bxc4 g6 10. O-O Bg7 11. Rc1 O-O 12. Re1 Rd8 13. Qc2 Qe7 14. a3 b6 15.
b4 a6 16. e4 c5 17. bxc5 bxc5 18. d5 Ne5 19. Nxe5 Bxe5 20. dxe6 Bxe6 21. Bxe6
Qxe6 22. Nd5 Rac8 23. Qc4 Bd4 24. Rb1 Rb8 25. Kf1 Kg7 26. Rb3 Rxb3 27. Qxb3 f5
28. Qb7+ Rd7 29. Qb6 Qf7 30. Nf4 fxe4 31. Rxe4 Qc4+ 32. Ne2 Qd3 33. Rxd4 cxd4
34. f3 Qd1+ 35. Kf2 Qc2 36. Qe6 Qf5 37. Nf4 Qxe6 38. Nxe6+ Kf6 39. Nc5 Rd5 40.
Nb3 Ke5 41. a4 Rd6 42. g3 Rb6 43. Nd2 Rb4 44. a5 Kd5 45. Ke2 Ra4 0-1